Proliferating talent : (Record no. 50107)
[ view plain ]
| 000 -LEADER | |
|---|---|
| fixed length control field | 01158nam a2200301 a 4500 |
| 001 - CONTROL NUMBER | |
| control field | 50107 |
| 003 - CONTROL NUMBER IDENTIFIER | |
| rucl marc code | BD-RjUL |
| 005 - DATE AND TIME OF LATEST TRANSACTION | |
| control field | 20211209075447.0 |
| 008 - FIXED-LENGTH DATA ELEMENTS--GENERAL INFORMATION | |
| fixed length control field | 160823s1997 hiu b 001 0 eng |
| 020 ## - INTERNATIONAL STANDARD BOOK NUMBER | |
| International Standard Book Number | 0824818466 (acidfree paper) |
| 035 ## - SYSTEM CONTROL NUMBER | |
| System control number | (BD-RjUL)50227 |
| 040 ## - CATALOGING SOURCE | |
| Original cataloging agency | DLC |
| Transcribing agency | DLC |
| Modifying agency | DLC |
| -- | BD-RjUL |
| Language of cataloging | eng |
| 041 1# - LANGUAGE CODE | |
| Language code of text/sound track or separate title | eng |
| Language code of original | jpn |
| 082 00 - DEWEY DECIMAL CLASSIFICATION NUMBER | |
| Classification number | 370.952 |
| Edition number | 23 |
| Author mark and year | YUP 1997 |
| 100 1# - MAIN ENTRY--PERSONAL NAME | |
| Personal name | Motoyama, Yukihiko, |
| Dates associated with a name | 1924- |
| 9 (RLIN) | 150161 |
| 245 10 - TITLE STATEMENT | |
| Title | Proliferating talent : |
| Remainder of title | essays on politics, thought, and education in the Meiji era / |
| Statement of responsibility, etc. | Motoyama Yukihiko ; edited by J.S.A. Elisonas and Richard Rubinger. |
| 260 ## - PUBLICATION, DISTRIBUTION, ETC. (IMPRINT) | |
| Place of publication, distribution, etc. | Honolulu, Hawaii : |
| Name of publisher, distributor, etc. | University of Hawai'i Press, |
| Date of publication, distribution, etc. | c1997. |
| 300 ## - PHYSICAL DESCRIPTION | |
| Pagination | xii, 475 p. ; |
| Size | 24 cm. |
| 504 ## - BIBLIOGRAPHY, ETC. NOTE | |
| Bibliography, etc | Includes bibliographical references (p. 399-437) and index. |
| 650 #0 - SUBJECT ADDED ENTRY--TOPICAL TERM | |
| Topical term or geographic name as entry element | Education |
| Geographic subdivision | Japan |
| General subdivision | History |
| Chronological subdivision | 1868- |
| 9 (RLIN) | 150162 |
| Topical term or geographic name as entry element | Education |
| General subdivision | Political aspects |
| Geographic subdivision | Japan. |
| 9 (RLIN) | 150163 |
| Topical term or geographic name as entry element | Education and state |
| Geographic subdivision | Japan. |
| 9 (RLIN) | 150164 |
| 651 #0 - SUBJECT ADDED ENTRY--GEOGRAPHIC NAME | |
| Geographic name | Japan |
| General subdivision | Intellectual life |
| Chronological subdivision | 1868-1912. |
| 9 (RLIN) | 150165 |
| 700 1# - ADDED ENTRY--PERSONAL NAME | |
| Personal name | Elisonas, J. S. A., |
| Dates associated with a name | 1937- |
| Personal name | Rubinger, Richard, |
| Dates associated with a name | 1943- |
| 942 ## - ADDED ENTRY ELEMENTS (KOHA) | |
| Source of classification or shelving scheme | Dewey Decimal Classification |
| Koha item type | Books |
| Lost status | Source of classification or shelving scheme | Damaged status | Not for loan | Collection code | Permanent Location | Current Location | Shelving location | Date acquired | Source of acquisition | Total Checkouts | Full call number | Date last seen | Copy number | Koha item type |
|---|---|---|---|---|---|---|---|---|---|---|---|---|---|---|
| Dewey Decimal Classification | Non-fiction | Central Library, University of Rajshahi | Central Library, University of Rajshahi | 12/02/2002 | Japan Foundation | 370.952 YUP 1997 | 23/08/2016 | C-2 | Books | |||||
| Dewey Decimal Classification | Not For Loan | Non-fiction | Central Library, University of Rajshahi | Central Library, University of Rajshahi | Reading Room | 06/01/1999 | Japan Foundation | 370.952 YUP 1997 | 05/01/2017 | C-1 | Books |